Statistieken voor Paraguay Trivia Quiz

Klik hier om de quiz te nemen!

Algemene statistieken

  • Deze quiz is 185 keer genomen
  • De gemiddelde score is 10 van 17

Antwoordstatistieken

HintAntwoord% Correct
Aangrenzende landenArgentinië
99%
Aangrenzende landenBrazilië
99%
Aangrenzende landenBolivia
98%
Officiële talenSpaans
98%
HoofdstadAsunción
87%
Tot op het dichtstbijzijnde hele getal, het percentage van Paraguay's stroom dat afkomstig is van waterkracht100%
69%
Paraguay heeft 2,01 van deze dieren per persoon, een hogere verhouding dan elk ander land, behalve Uruguay en Nieuw-ZeelandKoeien
65%
Paraguay is de thuisbasis van de Capibara, 's werelds grootste ...Knaagdier
61%
Officiële talenGuaraní
49%
Paraguay is de op een na grootste producent van deze inheemse plant die wordt gebruikt als een calorievrije zoetstofStevia
48%
Rivier waar de Paraguay-rivier in uitmondtParaná
47%
Boon die goed is voor 39% van de export van ParaguaySojaboon
43%
Op één na grootste stad, in de buurt van de Watervallen van de IguaçuCiudad del {Este}
41%
95% van de mensen is deze etnische groep, een mix van Spaans en inheemsMesties
40%
Populaire Zuid-Amerikaanse drank vergelijkbaar met Tereré in ParaguayYerba Mate
37%
West-Paraguay maakt deel uit van deze semi-aride laaglandvlaktesGran {Chaco}
35%
Een andere naam voor de Paraguayaanse oorlog, waarin Paraguay 1/3 van zijn grondgebied verloor, en de meerderheid van zijn mannelijke bevolkingOorlog van de {Drievoudige} {Alliantie}
31%

Scoreverdeling

Percentiel versus Aantal Correcte Antwoorden

Procent van Mensen met Elke Score

Uw Scoregeschiedenis

U heeft deze quiz nog niet genomen